Southville International School and Colleges
Your cart is empty.
  • Cart
  • Lists
    Public lists Eva Luna New books Lux_list list_1
    Your lists Log in to create your own lists
  • Log in to your account
  • Your cookies
  • Search history
Southville International School and Colleges
  • Advanced search
  • Recent comments
  • Most popular
  • Libraries

Log in to your account

Log in with GOOGLE


If you do not have an external account, but do have a local account, you can still log in:

  1. Home
  2. MARC view: Core concepts in computer science :
Normal view MARC view ISBD view

Core concepts in computer science : (Record no. 363150)

[ view plain ]
MARC details
000 -LEADER
fixed length control field 00745nam a2200241Ia 4500
008 - FIXED-LENGTH DATA ELEMENTS--GENERAL INFORMATION
fixed length control field 200601s9999 xx 000 0 und d
020 ## - INTERNATIONAL STANDARD BOOK NUMBER
International Standard Book Number 978-1-98462-062-0
050 ## - LIBRARY OF CONGRESS CALL NUMBER
Classification number ComSc QA 76.64
050 ## - LIBRARY OF CONGRESS CALL NUMBER
Item number .C67 2019
245 #0 - TITLE STATEMENT
Title Core concepts in computer science :
245 #0 - TITLE STATEMENT
Remainder of title object oriented programming /
245 #0 - TITLE STATEMENT
Statement of responsibility, etc authored and edited by 3G E-learning.
260 ## - PUBLICATION, DISTRIBUTION, ETC. (IMPRINT)
Place of publication, distribution, etc New York :
260 ## - PUBLICATION, DISTRIBUTION, ETC. (IMPRINT)
Name of publisher, distributor, etc 3G E-learning,
260 ## - PUBLICATION, DISTRIBUTION, ETC. (IMPRINT)
Date of publication, distribution, etc 2019
300 ## - PHYSICAL DESCRIPTION
Extent 319 pages :
300 ## - PHYSICAL DESCRIPTION
Other physical details illustrations (some color) ;
300 ## - PHYSICAL DESCRIPTION
Dimensions 23 cm.
300 ## - PHYSICAL DESCRIPTION
Accompanying material + 1 videodisc (DVD : sd., col. ; 4 3/4 in.)
440 ## - SERIES STATEMENT/ADDED ENTRY--TITLE
Title 3G E-learning
500 ## - GENERAL NOTE
General note Includes bibliographical references and index.
650 ## - SUBJECT ADDED ENTRY--TOPICAL TERM
Topical term or geographic name as entry element Object-oriented programming (Computer science).
Holdings
Withdrawn status Lost status Damaged status Home library Current library Shelving location Date acquired Cost, normal purchase price Total Checkouts Full call number Barcode Date last seen Price effective from Koha item type
      South Mansfield College South Mansfield College   01/16/2020 4193.00   ComSc QA 76.64 .C67 2019 SMC06332 06/01/2020 06/01/2020  

Core concepts in computer science :

APA

Core concepts in computer science. New York: .

Chicago

Core concepts in computer science. New York: .

Harvard

Core concepts in computer science. New York: .

MLA

New York: . .

  • Place hold
  • Print
  • Cite
  • Add to your cart (remove)
  • Save record
    BIBTEX Dublin Core MARCXML MARC (non-Unicode/MARC-8) MARC (Unicode/UTF-8) MARC (Unicode/UTF-8, Standard) MODS (XML) RIS
  • More searches
    Search for this title in:
    Other Libraries (WorldCat) Other Databases (Google Scholar) Online Stores (Bookfinder.com) Open Library (openlibrary.org)

Exporting to Dublin Core...

SOUTHVILLE LIBRARY

Southville International School and Colleges Library

1281 Tropical Ave. Cor. Luxembourg St., BF Homes International, Las Pinas City

Tel. No. 8256374 / 252358 Loc. 117/146

Powered by Koha